000 01072nam0a22002771 4500
001 rc\3145527
005 20120615102102.3
021 _aRU
_b[75-94254]
035 _a(NLR Aleph) 007320036
090 _a5900035
_c5900035
100 _a20120615d1975 |||y0rusy50 ca
101 0 _arus
102 _aRU
105 _ay z |||||
200 1 _aКлиника, дифференциальная диагностика и профилактика кори у детей
_eМетод. рекомендации
_f[Сост. профессора П.С. Мощич, проф. З.И. Капкова]
_gМ-во здравоохранения УССР
210 _aКиев
_cБ. и.
_d1975
215 _a24 с.
_d20
606 _aКорь
_2psbo
702 1 _aМощич
_bП. С.
_gПетр Степанович
_4220
702 1 _aКапкова
_bЗ. И.
_4220
712 0 1 _aУССР
_bМинистерство здравоохранения
_3RU\NLR\AUTH\8810062839
801 0 _aRU
_bNLR
_gpsbo
801 1 _aRU
_bELAR
_2rusmarc
852 _aNLR
_j76-4/5243
942 _cBOOK
980 _aNB